| 000 | 00371nam a22001457a 4500 | ||
|---|---|---|---|
| 003 | SISC | ||
| 005 | 20160308140452.0 | ||
| 008 | 140224t xxu||||| |||| 00| 0 eng d | ||
| 050 |
_aPE 1441 _b.W956 1996 |
||
| 245 | _aWriting effective sentences / | ||
| 260 |
_aUSA : _bCambridge Adult Education, _c1996. |
||
| 300 |
_a109 p. : _c35 cm. |
||
| 942 |
_2lcc _cBK |
||
| 999 |
_c42346 _d42346 |
||